Guess The Country By Shape - Statistics

General Stats
  • This quiz has been taken 173 times
  • The average score is 5 of 6
Answer Stats
Question Answer % Correct
U.S.A.
99%
Japan
96%
France
93%
Egypt
91%
Laos
79%
Sudan
76%
No matching quizzes found
Score Distribution
Percent of People with Each Score
Percentile by Number Answered
Your Score History
You have not taken this quiz